000 00863nam a22002537a 4500
999 _c20073
_d20073
005 20180105163930.0
008 180105b18712013ck ||||| |||| 00| 0 spa d
020 _a9789588848099
040 _aCO-BoIAVH
_cCO-BoIAVH
041 _aspa
044 _ack
082 _a610.7
_bA47e
100 1 _aÁlvarez Echeverri, Tiberio
245 2 _aEscuela de medicina de la universidad de Antioquia
260 _aMedellin, Antioquia:
_bUniversidad de Antioquia, Facultad de Medicina,
_c2013.
300 _a494 páginas
_c29 x 21cm
650 1 4 _aMedicina
_zAntioquia
650 1 4 _aJose Celestino Mutis
_xEstudios
650 1 4 _aJose Celestino Mutis
_xNueva granada
650 1 4 _aAlumnos de Mutis
650 1 4 _aJose Celestino Mutis
_xIlustración
650 1 4 _aEscuela de Medicina
_xFundación
942 _2ddc
_cLIBRO